000 00617nam a2200241 i 4500
001 C2-0315033
003 PPAK
005 20180728110735.0
008 120425s2001 my |||| ||||| | may d
020 _a983137617X
040 _aPPAK
_beng
_cPPAK
_erda
082 0 4 _a899.233
_223
090 0 0 _a899.233
_bZAI
_dG
100 0 _aZainal A,
_eauthor
245 1 0 _aDi celah deru ombak
264 1 _aPulau Pinang :
_bRhythm ,
_c2001
300 _a164 pages ;
_c18 cm
336 _2rdacontent
_atext
337 _2rdamedia
_aunmediated
338 _2rdacarrier
_avolume
650 1 0 _aMalay fiction.
942 _ddc
_cB
999 _c116317
_d116317